[Event "EU-ch blitz"]
[Site "Katowice"]
[Date "2017.12.15"]
[Round "20"]
[White "Demidov, Mikhail"]
[Black "Kuzmicz, Karol"]
[Result "1-0"]
[WhiteElo "2523"]
[BlackElo "2460"]
[PlyCount "69"]
[EventDate "2017.12.15"]
[EventType "swiss (blitz)"]
[EventRounds "22"]
[EventCountry "POL"]
[SourceTitle "CBM 182 Extra"]
[Source "ChessBase"]
[SourceDate "2018.02.23"]
[SourceVersion "1"]
[SourceVersionDate "2018.02.23"]
[SourceQuality "1"]

1. d4 g6 2. Nf3 Bg7 3. g3 c5 4. dxc5 Na6 5. Bg2 Nxc5 6. 0-0 Nf6 7. c4 0-0 8. Nc3 d6 9. Nd4 Rb8 10. b3 Ne6 11. Nxe6 Bxe6 12. Bb2 a6 13. Qd2 b5 14. cxb5 axb5 15. e3 Qa5 16. Rfd1 Rfc8 17. Ne2 Qxd2 18. Rxd2 b4 19. Rc1 Rxc1+ 20. Nxc1 Nd7 21. Bxg7 Kxg7 22. Rc2 Nc5 23. e4 Bd7 24. f3 Bb5 25. Bf1 Kf6 26. Bxb5 Rxb5 27. Kf2 Ke5 28. Ke3 f5 29. exf5 gxf5 30. Ne2 Ne6 31. Rc4 d5 32. Rc6 d4+ 33. Kd3 Nc5+ 34. Kc4 Ra5 35. Nxd4 1-0

[Event "EU-ch blitz"]
[Site "Katowice"]
[Date "2017.12.15"]
[Round "17"]
[White "Dvirnyy, Danyyil"]
[Black "Kuzmicz, Karol"]
[Result "1/2-1/2"]
[WhiteElo "2532"]
[BlackElo "2460"]
[PlyCount "138"]
[EventDate "2017.12.15"]
[EventType "swiss (blitz)"]
[EventRounds "22"]
[EventCountry "POL"]
[SourceTitle "CBM 182 Extra"]
[Source "ChessBase"]
[SourceDate "2018.02.23"]
[SourceVersion "1"]
[SourceVersionDate "2018.02.23"]
[SourceQuality "1"]

1. Nf3 g6 2. g3 Bg7 3. Bg2 e5 4. 0-0 f5 5. d3 d6 6. c4 Nf6 7. Nc3 0-0 8. Rb1 Nc6 9. b4 h6 10. b5 Ne7 11. a4 Be6 12. Ba3 g5 13. a5 Rb8 14. Nd2 Qd7 15. Nd5 Nexd5 16. cxd5 Bxd5 17. e4 Be6 18. exf5 Bxf5 19. Qc2 Bh3 20. Ne4 Nxe4 21. dxe4 Bxg2 22. Kxg2 g4 23. b6 axb6 24. axb6 c6 25. Rbd1 Rf6 26. Rd2 Bf8 27. Rfd1 Be7 28. Qb3+ Kg7 29. Qc3 Ra8 30. Bxd6 Bxd6 31. Rxd6 Qe8 32. Rxf6 Kxf6 33. Rd6+ Kg7 34. Qd2 Qh5 35. Rd7+ Kh8 36. Rd8+ Rxd8 37. Qxd8+ Kg7 38. Qd7+ Qf7 39. Qxg4+ Kh7 40. Qc8 Kg7 41. h4 Kg6 42. g4 Kg7 43. Qc7 Kf6 44. Qd6+ Qe6 45. Qd8+ Kg7 46. Kg3 Qf7 47. Qc7 Kf6 48. Qd6+ Qe6 49. Qd8+ Kg7 50. Qc7+ Kg6 51. Qxb7 Qb3+ 52. Kg2 Qc2 53. Qd7 Qxe4+ 54. Kg1 Qe1+ 55. Kg2 Qe4+ 56. Kf1 Qb1+ 57. Ke2 Qc2+ 58. Qd2 Qe4+ 59. Qe3 Qxg4+ 60. f3 Qc8 61. Qxe5 Qa6+ 62. Ke1 Qxb6 63. Qe6+ Kg7 64. Qe7+ Kg6 65. Qe6+ Kg7 66. h5 Qa5+ 67. Kf2 Qxh5 68. Qd7+ Qf7 69. Qxc6 Qf6 1/2-1/2

[Event "EU-ch blitz"]
[Site "Katowice"]
[Date "2017.12.15"]
[Round "14"]
[White "Kuzmicz, Karol"]
[Black "Rodshtein, Maxim"]
[Result "1/2-1/2"]
[WhiteElo "2460"]
[BlackElo "2699"]
[PlyCount "108"]
[EventDate "2017.12.15"]
[EventType "swiss (blitz)"]
[EventRounds "22"]
[EventCountry "POL"]
[SourceTitle "CBM 182 Extra"]
[Source "ChessBase"]
[SourceDate "2018.02.23"]
[SourceVersion "1"]
[SourceVersionDate "2018.02.23"]
[SourceQuality "1"]

1. e4 c6 2. d4 d5 3. f3 e6 4. Nc3 Bb4 5. Bf4 Ne7 6. Qd3 b6 7. Nge2 Ba6 8. Qe3 Nd7 9. a3 Bxc3+ 10. Nxc3 Bxf1 11. Rxf1 0-0 12. Kf2 dxe4 13. fxe4 e5 14. Bxe5 Nxe5 15. dxe5 Ng6 16. e6 f6 17. Kg1 Qe7 18. Qh3 Rae8 19. Rad1 Ne5 20. Rf2 Qxe6 21. Qxe6+ Rxe6 22. b3 Re7 23. Rfd2 Kf7 24. h3 Rfe8 25. Kf2 h5 26. Rd8 b5 27. Rxe8 Rxe8 28. Ke3 a6 29. Kd4 Nd7 30. Ke3 Ke7 31. Ne2 Ne5 32. Nd4 g6 33. Nf3 Nd7 34. Kf4 Rf8 35. g4 hxg4 36. hxg4 Nc5 37. Nd4 Ne6+ 38. Nxe6 Kxe6 39. Rh1 Rd8 40. Ke3 g5 41. Rh7 Rd1 42. Ra7 Re1+ 43. Kf3 Rf1+ 44. Ke3 Rf4 45. Rxa6 Kd6 46. a4 Kc5 47. axb5 Kxb5 48. Ra7 Rxg4 49. Rf7 Rf4 50. Rg7 Kb4 51. e5 fxe5 52. Rxg5 Rf7 53. Rxe5 c5 54. Re4+ Kb5 1/2-1/2

[Event "EU-ch blitz"]
[Site "Katowice"]
[Date "2017.12.15"]
[Round "10"]
[White "Kuzmicz, Karol"]
[Black "Saric, Ivan"]
[Result "1/2-1/2"]
[WhiteElo "2460"]
[BlackElo "2669"]
[PlyCount "92"]
[EventDate "2017.12.15"]
[EventType "swiss (blitz)"]
[EventRounds "22"]
[EventCountry "POL"]
[SourceTitle "CBM 182 Extra"]
[Source "ChessBase"]
[SourceDate "2018.02.23"]
[SourceVersion "1"]
[SourceVersionDate "2018.02.23"]
[SourceQuality "1"]

1. e4 c6 2. d4 d5 3. f3 e6 4. Nc3 Bb4 5. Bf4 Ne7 6. Qd3 b5 7. Nge2 a5 8. a3 Bxc3+ 9. Nxc3 Ba6 10. Qe3 0-0 11. Bd3 Nd7 12. 0-0 b4 13. Ne2 Bxd3 14. Qxd3 Nb6 15. axb4 axb4 16. Rxa8 Nxa8 17. Qb3 Ng6 18. Bg3 Qe7 19. Ra1 Nb6 20. Ra5 f5 21. e5 Rb8 22. Be1 Nc4 23. Ra4 c5 24. dxc5 Qxc5+ 25. Bf2 Qe7 26. f4 Nd2 27. Qd3 Ne4 28. Bd4 h6 29. g3 Rc8 30. c3 bxc3 31. bxc3 Qb7 32. Rb4 Qa8 33. Qb1 Ne7 34. Rb7 Nc6 35. Be3 Qa6 36. Nd4 Nxc3 37. Qb6 Qa1+ 38. Kg2 Qa2+ 39. Kh3 Nxd4 40. Bxd4 Qc4 41. Qxe6+ Kh8 42. Rxg7 Kxg7 43. Qf6+ Kg8 44. Qe6+ Kf8 45. Qf6+ Ke8 46. Qe6+ Kf8 1/2-1/2